A rare site (Record no. 117935)

MARC details
000 -LEADER
fixed length control field 01037cam a2200241 4500
001 - CONTROL NUMBER
control field ABS68174
008 - FIXED-LENGTH DATA ELEMENTS--GENERAL INFORMATION
fixed length control field 040901n2004 000 0 eng u
035 ## - SYSTEM CONTROL NUMBER
System control number (Sirsi) u127237
100 ## - MAIN ENTRY--PERSONAL NAME
Personal name McCulloch, C.
245 #2 - TITLE STATEMENT
Title A rare site
260 ## - PUBLICATION, DISTRIBUTION, ETC.
Date of publication, distribution, etc. 2004
490 ## - SERIES STATEMENT
Series statement Building
Volume/sequential designation 269(8343) 30 July 2004, 46-47(2)
520 ## - SUMMARY, ETC.
Summary, etc. Discusses the committment by the Major Contractors Group (MCG) to get a qualified workforce on all sites where an MCG member is the principal contractor. A construction skills card is the aim, and to obtain it an NVQ is required. 26 000 workers have been through on site training and the number of Construction Skills Certifaction Scheme card holders has reached 600 000 with 20 000 applications arriving each month.
590 ## - LOCAL NOTE (RLIN)
Local note ABS
590 ## - LOCAL NOTE (RLIN)
Local note ABS
650 ## - SUBJECT ADDED ENTRY--TOPICAL TERM
Topical term or geographic name entry element MAJOR CONTRACTORS GROUP
650 ## - SUBJECT ADDED ENTRY--TOPICAL TERM
Topical term or geographic name entry element CONSTRUCTION SKILLS CERTIFICATION SCHEME
650 ## - SUBJECT ADDED ENTRY--TOPICAL TERM
Topical term or geographic name entry element SITE-BASED TRAINING
650 ## - SUBJECT ADDED ENTRY--TOPICAL TERM
Topical term or geographic name entry element TRAINING SCHEMES
650 ## - SUBJECT ADDED ENTRY--TOPICAL TERM
Topical term or geographic name entry element TRAINING NEEDS
690 ## - LOCAL SUBJECT ADDED ENTRY--TOPICAL TERM (OCLC, RLIN)
Topical term or geographic name as entry element TRAINING AND CAREER DEVELOPMENT
942 ## - ADDED ENTRY ELEMENTS (KOHA)
Suppress in OPAC 0
Holdings
Withdrawn status Lost status Source of classification or shelving scheme Damaged status Not for loan Home library Current library Shelving location Date acquired Total Checkouts Full call number Barcode Date last seen Copy number Price effective from Koha item type
    Dewey Decimal Classification     London London Journal article 01/09/2004   ABS68174 127237-1001 06/08/2019 1 06/08/2019 Journal article